| 000 | 00584cam a22002291 4500 | ||
|---|---|---|---|
| 001 | 9304397 | ||
| 005 | 20180202035802.0 | ||
| 008 | 750926s1951 nyua b 000 0 eng c | ||
| 010 | _aagr51000540 | ||
| 015 | _aGB52-10713 | ||
| 035 | _a(OCoLC)1656099 | ||
| 040 |
_aU.S. Dept. of Agr. Libr. _cFMU _dOCoLC _dUk _dDLC |
||
| 041 | _aeng | ||
| 080 | _a633 PAI | ||
| 082 | _a633 PAI | ||
| 100 | 1 | _a9 | |
| 101 | _aMJE | ||
| 245 | 1 | 0 | _aInsect resistance in crop plants. |
| 504 | _aIncludes bibliographies. | ||
| 906 |
_a7 _bcbc _coclcrpl _du _encip _f19 _gy-gencatlg |
||
| 942 |
_2ddc _cBK |
||
| 999 |
_c41580 _d41580 |
||